00567 2200205 4500001002100000005001500021035002000036007000300056008004100059020001800100082000800118084001400126100001900140245009500159250001000254260002700264300003600291650002400327990001000351INLIS00000000001418720220810091507 a0010-0822000226ta220810 g 0 ind  a9786027926219 a813 a813 ROK k0 aROKAJAR, asura1 aKupilih jalan gerilya :bRoman hidup panglima besar jenderal soedirman /cE. Rokajar Asura acet.1 aDepok :bImania,c2015 aXIII, 270 hlm ;c23,5 x 15,5 cm 4aCerita kepahlawanan a15238